000
00326nam a2200133Ia 4500
008
240624s9999 xx 000 0 und d
041
_a
eng
082
_a
823 GAI
100
_a
GAIMAN NEIL
245
_a
NEW ANANSI BOYS
260
_c
2005
_a
New York
_b
HarperCollins Publishers
300
_a
ix, : 387 : p. : cm. ; 17
365
_c
999
_c
3832
_d
3832